000 00690nam a2200241Ia 4500
003 OSt
005 20221005021841.0
006 a|||||r|||| 00| 0
007 ta
008 221004b |||||||| |||| 00| 0 san d
024 _a16274
037 _bGift, 11/02/2015,
_cTextual
040 _aCRL
_cCRL
_bsan
041 _2san
_asan
082 _aO156,1NV1,SA, P7
100 _aRajsundar Vijay
_9577542
245 0 _aSaumyavadanakavyam
260 _aAhamdabad
_bShrutgyan Sanskar India
_c2007
300 _a181p.
_ccm.
650 _aMARATHI LITERATURE
_938000
942 _hO156,1NV1,SA, P7
_cTEXL
_2cc
999 _c928262
_d928262